01381nam a22003614a 4500001001100000003000800011006001900019007001500038008004100053010001700094020002200111020002200133040002100155035002000176050002500196082001600221100002100237245009700258260007400355300001700429490005500446533015200501650003100653650002400684650002000708650001600728650002900744655002900773710001700802830005600819856012500875999001901000ebr2000872CaPaEBRm u cr cn|||||||||990326s2000 enk s 000 0 eng  z 99026115  z0521770998 (hbk.) z0521778298 (pbk.) aCaPaEBRcCaPaEBR a(OCoLC)5120307514aJC328.3b.B53 2000eb04a303.6/12211 aBleiker, Roland.10aPopular dissent, human agency, and global politicsh[electronic resource] /cRoland Bleiker. aCambridge [England] ;aNew York :bCambridge University Press,c2000. axiii, 289 p.1 aCambridge studies in international relations ;v70 aElectronic reproduction.bPalo Alto, Calif. :cebrary,d2013.nAvailable via World Wide Web.nAccess may be limited to ebrary affiliated libraries. 0aGovernment, Resistance to. 0aCivil disobedience. 0aDemonstrations. 0aDissenters. 0aInternational relations. 7aElectronic books.2local2 aebrary, Inc. 0aCambridge studies in international relations ;v70.40uhttp://site.ebrary.com/lib/rucke/Doc?id=2000872zAn electronic book accessible through the World Wide Web; click to view c126083d126083